Responses for show #7942 - Tuesday, March 5, 2019

2019 All-Star Games final match, game 2.

Contestants

[<< previous game]

Team Colby (subtotal of $8,000)

Playing the Jeopardy! Round: Alan Lin, a software engineer from Riverside, California

Playing the Double Jeopardy! Round: Pam Mueller, a think tank researcher from Culver City, California

Playing the Final Jeopardy! Round: Colby Burnett, a college counselor from Chicago, Illinois

Team Brad (subtotal of $36,000)

Playing the Jeopardy! Round: David Madden, an academic competition director from Ridgewood, New Jersey

Playing the Double Jeopardy! Round: Brad Rutter, an actor and producer from Los Angeles, California

Playing the Final Jeopardy! Round: Larissa Kelly, an editor for academic competitions from Richmond, California

Team Ken (subtotal of $32,500)

Playing the Jeopardy! Round: Monica Thieu, a Ph.D. student in psychology from New York, New York

Playing the Double Jeopardy! Round: Ken Jennings, a writer from Seattle, Washington

Playing the Final Jeopardy! Round: Matt Jackson, a digital fundraising professional from Washington, D.C.

[next game >>]

Jeopardy! Round responses

WORD HISTORY
PODCASTS
MUSES
A NASDAQ FACT
"M"INENT
DOMAIN
    $200 23
whiskey

Monica
    $200 30
Freakonomics

Alan
    $200 24
astronomy

Monica
    $200 29
Texas

Alan
    $200 21
Moses

Alan
    $200 27
Genghis Khan

David
    $400 22
turkey

David
    $400 25
Chicago

Alan
    $400 8
the sirens

Monica
    $400 28
Tesla

Alan
    $400 20
(Robert) Mueller

Monica
    $400 26
Tibet

David
    $600 9
(Monica: What's a golden thread?)

a clue

Monica
Triple Stumper
    $600 10
Nancy Grace

Monica
    $600 7
mime

Monica
    $600 19
WD-40

Monica
    $600 1
(William) Masters

Monica
    $600 4
.ru

David
    $800 13
bread

Monica
    $800 11
TED

Monica
    $1,000 5
shepherds

David
    $800 18
(Monica: What is IHOP?)

Denny's

MonicaAlan
    $800 2
(Hilary) Mantel

Alan
    $800 15
a dowry

David
    $1000 14
altruism

David
    $1000 12
(LeVar) Burton

Alan
    $1000 6
Calliope

David
    $1000 17
JetBlue

David
    $1000 3
Edwin Meese

Triple Stumper
    $1000 16
Alexander the Great

David

Scores at the first commercial break (after clue 15):

Team Ken Team Brad Team Colby
$3,200 $4,400 $1,800

Scores at the end of the Jeopardy! Round:

Team Ken Team Brad Team Colby
$3,800 $7,400 $4,000

Double Jeopardy! Round responses

WRITERS ON THE STORM
COLONIAL AMERICA
STARS
POP MUSIC ACROSS THE DECADES
TO THE LIGHTHOUSE
ALL "THUMB"S
    $400 30
Noah

Ken
    $400 29
(Brad: What is [*]?)
(Alex: Yes, and--)
(Brad: They would have never let me live that one down.)

Pennsylvania

Brad
    $400 20
a black hole

Ken
    $400 26
(Brad: What is [*]?)
(Alex: That is right.)
(Pam: You can hear the parentheses.)

"(I Can't Get No) Satisfaction"

Brad
    $400 28
Florida

Brad
    $400 14
a thumbnail

Ken
    $800 1
Ice Storm

Ken
    $800 12
apprenticeship

Brad
    $800 21
Icarus

Ken
    $800 25
(Alex: I probably put one too many "fle" in there.)
[Laughter]

Duran Duran

Pam
    $800 27
Michigan

Pam
    $800 15
a rule of thumb

Ken
    $1200 2
a lightning rod

Triple Stumper
    $1200 9
the Massachusetts Bay Company

Brad
    $1200 22
magnitude

Brad
    $1200 4
TLC

Ken
    $1200 7
Maine

Brad
    $1200 16
two thumbs up

Brad
    $1600 3
the maelstrom

Brad
    $10,000 10
the French and Indian War

Brad
    $1600 23
Proxima Centauri

Brad
    $1600 6
the Ramones

Brad
    $5,000 8
Pharos

Brad
    $1600 17
thumbscrews

Ken
    $2000 5
(Gore) Vidal

Pam
    $2000 11
Awakening

Ken
    $2000 24
the Pleiades

Ken
    $2000 13
Alice in Chains

Pam
    $2000 19
Nova Scotia

Triple Stumper
    $2000 18
"by the pricking of my thumbs"

Ken

Scores at the end of the Double Jeopardy! Round:

Team Ken Team Brad Team Colby
$16,200 $34,000 $9,600
(lock tournament)

Final Jeopardy! Round responses

CONSTITUTIONAL AMENDMENT MATH
(Alex: [To Colby] It's a very significant number for those of us here at Jeopardy!, because this tournament was our way of celebrating our [*]th anniversary.)
[Applause]
(Alex: The 1st, the 13th and the 21st Amendment.)
...
(Colby: [After Team Colby's two-day total is revealed] Do you hear the people sing?)
(Alex: Wasn't that Jean Valjean's number in Les Miserables?)
[Laughter]
(Alex: Oh.)
(Colby: And we bought a loaf of bread.)
ColbyWhat is 1 + 13 + 21 = 35?
$7,001
MattWhat is (1 + 13 + 21 =) 35
$0
LarissaWhat is 35?
$0
35

Final scores:

Team Ken Team Brad Team Colby
$16,200 $34,000 $16,601

Cumulative scores:

Team Ken Team Brad Team Colby
$48,700 $70,000 $24,601
2nd place: $300,000 (split three ways) Winner: $1,000,000 (split three ways) 3rd place: $100,000 (split three ways)

Game dynamics:

Coryat scores:

Team Ken Team Brad Team Colby
$16,200 $22,000 $9,600
21 R,
2 W
23 R
(including 3 DDs),
0 W
12 R,
0 W

Combined Coryat: $47,800

The J! Archive is created by fans, for fans. The Jeopardy! game show and all elements thereof, including but not limited to copyright and trademark thereto, are the property of Jeopardy Productions, Inc. and are protected under law. This website is not affiliated with, sponsored by, or operated by Jeopardy Productions, Inc. Join the discussion at JBoard.tv.